Naked /

Guardat en:
Dades bibliogràfiques
Autor principal: Sedaris, David (Autor)
Format: Llibre
Idioma:anglès
Publicat: Boston : Little, Brown and Co., 1997
Etiquetes: Afegir etiqueta
Sense etiquetes, Sigues el primer a etiquetar aquest registre!

MARC

LEADER 00000nam a22000007i 4500
001 IT\ICCU\UBO\2257135
003 ItRI
005 20260115231815.0
008 030725s1997 xxu|||||| ||||| |||||c
020 |a 0316777730 (pb) 
020 |a 0316779490 (hc) 
020 |a 9780316777735 
040 |b ita  |c importazione bologna sebina 
041 7 |a eng  |2 ISO-639-2 
082 |a 813.54  |9 NARRATIVA AMERICANA IN LINGUA INGLESE, 1945-1999  |2 21 
100 1 |a Sedaris, David  |0 IT\ICCU\MODV\258957  |4 aut 
240 1 0 |a Naked  |3 IT\ICCU\LO1\0748919  |9 Sedaris, David 
245 1 0 |a Naked /  |c David Sedaris. 
260 |a Boston :  |b Little, Brown and Co.,  |c 1997 
300 |a VIII, 291 p. ;  |c 21 cm. 
942 |2 ddc  |c BK  |n 0 
952 |0 0  |1 0  |4 0  |6 DOC_818_540000000000000_SED  |7 0  |9 13127  |a BO  |b BO  |d 2026-01-15  |i 7542  |l 0  |o DOC 818.540 SED  |p BO7542  |r 2026-01-15 23:18:15  |w 2026-01-15  |x [Sebina 5] [1 v.]  |y BK  |z 1 v. 
999 |c 11255  |d 11255